000 00257nam a2200097Ia 4500
001 916726
005 20250826185859.0
008 250824s9999 xx 000 0 und d
245 0 _aDOĞU BATI ARASINDA İSLAM
_cALİYA İZETBEGOVİÇ
260 _bKETEBE YAYINLARI
999 _c916726
_d916726